[Event "Igualada and Anoia op 9th"]
[Site "Igualada"]
[Date "2014.01.18"]
[Round "2"]
[White "Vidal Bermejo, Joan Angel"]
[Black "Castells Aloy, Jordi"]
[Result "0-1"]
[WhiteElo "1726"]
[BlackElo "1969"]
[PlyCount "99"]
[EventDate "2014.01.11"]
[EventType "swiss"]
[EventRounds "8"]
[EventCountry "ESP"]
[SourceTitle "EXT 2024"]
[Source "ChessBase"]
[SourceDate "2023.10.10"]
[SourceVersion "1"]
[SourceVersionDate "2023.10.10"]
[SourceQuality "1"]

1. d4 Nf6 2. c4 g6 3. Nc3 d5 4. Nf3 Bg7 5. Bf4 c5 6. e3 Nc6 7. Be2 0-0 8. 0-0 cxd4 9. exd4 Qa5 10. Rc1 Be6 11. Qb3 dxc4 12. Bxc4 Bxc4 13. Qxc4 Rac8 14. Qb3 Qb4 15. d5 Qxf4 16. dxc6 bxc6 17. Qa3 Qc7 18. Rfe1 e6 19. Nb5 Qb6 20. Nbd4 c5 21. Nb3 Nd5 22. Ne5 Rfd8 23. Rxc5 Bf8 24. Nd7 Bxc5 25. Nxb6 Bxa3 26. Nxc8 Rxc8 27. bxa3 Rc2 28. Nc1 Nc3 29. f3 Kf8 30. h3 h5 31. h4 Ke7 32. Kf1 Kd6 33. Ne2 Nxe2 34. Rxe2 Rxe2 35. Kxe2 Kd5 36. Kd3 e5 37. a4 f5 38. a5 a6 39. a3 Kc5 40. g3 Kb5 41. g4 Kxa5 42. Kc4 Ka4 43. Kd5 Kxa3 44. Kxe5 Kb3 45. Kf6 a5 46. Kxg6 a4 47. Kxf5 a3 48. Kg5 a2 49. Kxh5 a1Q 50. g5 0-1

[Event "Tancats de l'Urgell C"]
[Site "Tarrega"]
[Date "2011.04.08"]
[Round "1.2"]
[White "Nadal Gene, Ramon"]
[Black "Vidal Bermejo, Joan Angel"]
[Result "1-0"]
[WhiteElo "1910"]
[BlackElo "1913"]
[PlyCount "97"]
[EventDate "2011.04.08"]
[EventType "tourn"]
[EventRounds "9"]
[EventCountry "ESP"]
[SourceTitle "EXT 2023"]
[Source "ChessBase"]
[SourceDate "2022.10.05"]
[SourceVersion "1"]
[SourceVersionDate "2022.10.05"]
[SourceQuality "1"]

1. e4 c5 2. Nf3 Nc6 3. d4 cxd4 4. Nxd4 e5 5. Nb3 Nf6 6. Bd3 Bb4+ 7. Bd2 0-0 8. 0-0 d5 9. Bg5 d4 10. f4 Bg4 11. Bxf6 Bxd1 12. Bxd8 Raxd8 13. Rxd1 exf4 14. Rf1 g5 15. a3 Be7 16. N1d2 Ne5 17. Nf3 Bf6 18. Rad1 Ng4 19. Rfe1 Ne3 20. e5 Bg7 21. Nxg5 Nxd1 22. Rxd1 Bxe5 23. Bxh7+ Kg7 24. Bd3 b6 25. Re1 Rfe8 26. Nf3 Bf6 27. Rxe8 Rxe8 28. Nbxd4 Bxd4+ 29. Nxd4 Re1+ 30. Kf2 Rd1 31. Ne2 a5 32. Nxf4 a4 33. Nd5 b5 34. Nc3 Rc1 35. h3 f6 36. Ke2 Rg1 37. Be4 f5 38. Bf3 Kf6 39. Kd2 Ra1 40. Nxb5 Rb1 41. Kc3 Re1 42. Kb4 Rb1 43. Kc3 Re1 44. Nd4 Rf1 45. b4 axb3 46. cxb3 Ke5 47. a4 Rc1+ 48. Kd3 Rd1+ 49. Bxd1 1-0